00938nam a2200205 a 4500008004100000020001800041041000800059092001700067100002200084245004700106250005200153260005100205300002300256500009900279590008400378655001500462942001300477999001500490952022700505190917t2018 ag |||g |||| 001 0 spa d a9789506911058 aspa c808l91sVAC1 aVaccarini, Franco3 aEl espejo en la pecera /cFranco Vaccarini a1a ed.bIlustraciones Florencia Palacios Murphy aBuenos Aires:bBiblioteca del Congreso;c2018. a76 p.c17 cm.bil. aVaccarini, F. (2018). El espejo en la pecera. (1a ed). Buenos Aires : Biblioteca del Congreso. aProyecto 4to libro, Donación Centro Médico de Mar del Plata, Noviembre 2018 aLiteratura 2ddccLIT c2822d2822 00102ddc4070aBFMbBFMcCRd2018-11-12eDonación Centro Médico de Mar del Plata, Nov. 2018l1o808 91 VACp4341r2018-12-06s2018-11-21tEj. 1w2018-11-12yLITzDonación Centro Médico de Mar del Plata, Nov. 2018